Атлас мира: [карты]

Bibliografiset tiedot
Yhteisötekijä: СССР Главное управление геодезии и картографии (570)
Muut tekijät: Колосова Л. Н. (редактор)
Yhteenveto:Составлен и подготовлен к печати НРКЧ ГУГК в 1964 г., исправлен в 1976 г.
Kieli:venäjä
Julkaistu: Москва, ГУГК, 1979
Aiheet:
Aineistotyyppi: Kartta
KOHA link:https://koha.lib.tpu.ru/cgi-bin/koha/opac-detail.pl?biblionumber=673936

MARC

LEADER 00000nem0a2200000 4500
001 673936
005 20250220113351.0
090 |a 673936 
100 |a 20240805d1979 m||y0rusy50 ca 
101 0 |a rus 
102 |a RU 
105 |a b z 001yy 
181 0 |a i   |b  e  
182 0 |a n 
183 0 |a nc  |2 RDAcarrier 
200 1 |a Атлас мира  |e [карты]  |f СССР, Главное управление геодезии и картографии ; отв. ред. Л. Н. Колосова 
203 |a Текст  |b визуальный  |c непосредственный 
210 |a Москва  |c ГУГК  |d 1979 
215 |a 65 с.  |c карты 
283 |a volume  |2 RDAcarrier 
300 |a Составлен и подготовлен к печати НРКЧ ГУГК в 1964 г., исправлен в 1976 г. 
320 |a Указатель названий и государств, Союзных республик и других территорий: с. 65 
606 1 |a Географические карты и атласы  |9 33883 
610 1 |a география 
610 1 |a атласы 
610 1 |a картография 
610 1 |a политическая карта мира 
610 1 |a СССР 
675 |a 912  |v 4 
702 1 |4 340  |a Колосова  |b Л. Н. 
712 0 1 |a СССР  |b Главное управление геодезии и картографии  |c 1938-1991  |7 ca  |8 rus  |4 570  |9 25663 
801 0 |a RU  |b 63413507  |c 20240805 
830 |a Ретро2024Каталогизация Кузнецова 
850 |a 63413507 
942 |c BK